[Event "Mitropa Cup 29th"]
[Site "Chur"]
[Date "2010.06.01"]
[Round "4"]
[White "Meszaros, Michal"]
[Black "Zilka, Stepan"]
[Result "1/2-1/2"]
[WhiteElo "2393"]
[BlackElo "2509"]
[PlyCount "70"]
[EventDate "2010.05.29"]
[EventType "team-tourn"]
[EventRounds "9"]
[EventCountry "SUI"]
[Source "ChessBase"]
[SourceDate "2010.07.02"]
[WhiteTeam "Slovakia"]
[BlackTeam "Czech Republic"]
[WhiteTeamCountry "SVK"]
[BlackTeamCountry "CZE"]

1. e4 e5 2. Nf3 Nc6 3. Bb5 Nf6 4. O-O Nxe4 5. Qe2 Nd6 6. Bxc6 dxc6 7. Qxe5+ Qe7
8. Qa5 Qd8 9. Qe5+ Be6 10. Ng5 Qf6 11. Re1 O-O-O 12. Nxe6 Re8 13. Qxf6 gxf6 14.
Nc3 Rxe6 15. Kf1 Rxe1+ 16. Kxe1 Nf5 17. Ne2 Nh4 18. Kf1 Rg8 19. g3 Nf3 20. h4
f5 21. d3 Bg7 22. Rb1 Re8 23. c3 c5 24. Bf4 a5 25. a4 Nh2+ 26. Ke1 Be5 27. Bxe5
Rxe5 28. Kd2 Nf3+ 29. Kd1 c6 30. Nf4 Kc7 31. Kc2 Re8 32. Ra1 h6 33. b3 Kd6 34.
Rd1 Re7 35. Ra1 Re8 1/2-1/2

[Event "Mitropa Cup 29th"]
[Site "Chur"]
[Date "2010.06.01"]
[Round "4"]
[White "Petenyi, Tamas"]
[Black "Talla, Vladimir"]
[Result "1/2-1/2"]
[WhiteElo "2381"]
[BlackElo "2505"]
[PlyCount "83"]
[EventDate "2010.05.29"]
[EventType "team-tourn"]
[EventRounds "9"]
[EventCountry "SUI"]
[Source "ChessBase"]
[SourceDate "2010.07.02"]
[WhiteTeam "Slovakia"]
[BlackTeam "Czech Republic"]
[WhiteTeamCountry "SVK"]
[BlackTeamCountry "CZE"]

1. e4 c5 2. Nf3 d6 3. d4 cxd4 4. Nxd4 Nf6 5. Nc3 a6 6. Be3 e5 7. Nb3 Be7 8. f3
O-O 9. Qd2 Be6 10. O-O-O Nbd7 11. g4 b5 12. g5 b4 13. Ne2 Ne8 14. f4 a5 15. f5
Bxb3 16. cxb3 a4 17. bxa4 Rxa4 18. Kb1 Rxa2 19. Nc1 Ra8 20. Nb3 Qb8 21. Bc4 Nb6
22. Bxb6 Qxb6 23. Bxf7+ Rxf7 24. g6 Nf6 25. gxf7+ Kxf7 26. Qd3 Qa7 27. Qc4+ Kf8
28. Rhe1 Nd7 29. f6 Nxf6 30. Rf1 Ke8 31. Qc6+ Kf8 32. Rd5 Rb8 33. Rb5 Rxb5 34.
Qxb5 Qe3 35. Qc4 Ke8 36. Qc6+ Kf7 37. Ka2 Qe2 38. Qd5+ Kf8 39. Qa8+ Kf7 40.
Qd5+ Kf8 41. Qa8+ Kf7 42. Qd5+ 1/2-1/2

[Event "Mitropa Cup 29th"]
[Site "Chur"]
[Date "2010.06.01"]
[Round "4"]
[White "Huschenbeth, Niclas"]
[Black "Caruana, Fabiano"]
[Result "0-1"]
[WhiteElo "2457"]
[BlackElo "2675"]
[PlyCount "118"]
[EventDate "2010.05.29"]
[EventType "team-tourn"]
[EventRounds "9"]
[EventCountry "SUI"]
[Source "ChessBase"]
[SourceDate "2010.07.02"]
[WhiteTeam "Germany"]
[BlackTeam "Italy"]
[WhiteTeamCountry "GER"]
[BlackTeamCountry "ITA"]

1. e4 c5 2. Nf3 Nc6 3. d4 cxd4 4. Nxd4 Nf6 5. Nc3 e5 6. Ndb5 d6 7. Bg5 a6 8.
Na3 b5 9. Nd5 Be7 10. Bxf6 Bxf6 11. c3 O-O 12. Nc2 Rb8 13. Be2 Bg5 14. Qd3 a5
15. Rd1 Be6 16. O-O b4 17. c4 a4 18. b3 Qa5 19. Qg3 Bd8 20. Rd2 Qc5 21. Rfd1
Kh8 22. Nde3 Bc7 23. h4 Ne7 24. h5 f5 25. exf5 Bxf5 26. Bg4 Be4 27. Be6 Bb6 28.
Qg5 Bd8 29. h6 Ng6 30. Qh5 gxh6 31. Qxh6 Rf6 32. Bd5 Nf4 33. Qxf6+ Bxf6 34.
Bxe4 axb3 35. axb3 Rg8 36. Kf1 Be7 37. g3 Nh3 38. Bg2 Ng5 39. Rd5 Qc8 40. Nxb4
Rf8 41. R5d2 Nf3 42. Bxf3 Rxf3 43. Kg2 Rf8 44. Nbd5 Bg5 45. b4 Qb7 46. Rd3 Qf7
47. R1d2 h5 48. b5 h4 49. gxh4 Qf3+ 50. Kh2 e4 51. Rd4 Bf4+ 52. Kg1 Rg8+ 53.
Kf1 Qh1+ 54. Ke2 Rg1 55. Rb2 Qf3+ 56. Kd2 Rd1+ 57. Kc3 Rxd4 58. b6 Be5 59. b7
Rd2+ 0-1

[Event "Mitropa Cup 29th"]
[Site "Chur"]
[Date "2010.06.01"]
[Round "4"]
[White "Prusikin, Michael"]
[Black "Brunello, Sabino"]
[Result "1-0"]
[WhiteElo "2520"]
[BlackElo "2467"]
[PlyCount "53"]
[EventDate "2010.05.29"]
[EventType "team-tourn"]
[EventRounds "9"]
[EventCountry "SUI"]
[Source "ChessBase"]
[SourceDate "2010.07.02"]
[WhiteTeam "Germany"]
[BlackTeam "Italy"]
[WhiteTeamCountry "GER"]
[BlackTeamCountry "ITA"]

1. d4 Nf6 2. c4 e6 3. Nf3 b6 4. g3 Bb7 5. Bg2 Be7 6. O-O O-O 7. Re1 Qc8 8. Bg5
h6 9. Bxf6 Bxf6 10. e4 d6 11. Nc3 c5 12. e5 dxe5 13. d5 Rd8 14. Nxe5 Bxe5 15.
Rxe5 Nc6 16. Re3 Nd4 17. Qd3 Re8 18. Rae1 Qd7 19. Bh3 Rad8 20. Ne2 Qa4 21. Nxd4
cxd4 22. b3 Qb4 23. Re4 Kf8 24. Qxd4 exd5 25. Rxe8+ Rxe8 26. Rxe8+ Kxe8 27.
Qe5+ 1-0

[Event "Mitropa Cup 29th"]
[Site "Chur"]
[Date "2010.06.01"]
[Round "4"]
[White "Rombaldoni, Denis"]
[Black "Baramidze, David"]
[Result "1/2-1/2"]
[WhiteElo "2484"]
[BlackElo "2534"]
[PlyCount "80"]
[EventDate "2010.05.29"]
[EventType "team-tourn"]
[EventRounds "9"]
[EventCountry "SUI"]
[Source "ChessBase"]
[SourceDate "2010.07.02"]
[WhiteTeam "Italy"]
[BlackTeam "Germany"]
[WhiteTeamCountry "ITA"]
[BlackTeamCountry "GER"]

1. d4 d5 2. c4 c6 3. Nf3 Nf6 4. Nc3 e6 5. Bg5 h6 6. Bh4 dxc4 7. e4 g5 8. Bg3 b5
9. Be2 Bb7 10. O-O Nbd7 11. Ne5 Bg7 12. Qc2 a6 13. Rad1 Qb6 14. Nxf7 Kxf7 15.
e5 Nd5 16. Bh5+ Ke7 17. Qg6 Rag8 18. Ne4 Nc7 19. Nc5 Bc8 20. Qf7+ Kd8 21. Bg4
Bf8 22. Bxe6 Rg7 23. Qf5 Bxc5 24. dxc5 Qxc5 25. Bxd7 Bxd7 26. Rxd7+ Rxd7 27.
Qf6+ Ke8 28. Qxh8+ Qf8 29. Qxf8+ Kxf8 30. f4 gxf4 31. Rxf4+ Ke7 32. Rf6 Rd1+
33. Kf2 Ne6 34. Rxh6 Rd2+ 35. Kf3 Rxb2 36. Bh4+ Kd7 37. Rh7+ Kc8 38. Rh6 Kd7
39. Rh7+ Kc8 40. Rh6 Kd7 1/2-1/2

[Event "Mitropa Cup 29th"]
[Site "Chur"]
[Date "2010.06.01"]
[Round "4"]
[White "Vocaturo, Daniele"]
[Black "Bindrich, Falko"]
[Result "1/2-1/2"]
[WhiteElo "2493"]
[BlackElo "2539"]
[PlyCount "99"]
[EventDate "2010.05.29"]
[EventType "team-tourn"]
[EventRounds "9"]
[EventCountry "SUI"]
[Source "ChessBase"]
[SourceDate "2010.07.02"]
[WhiteTeam "Italy"]
[BlackTeam "Germany"]
[WhiteTeamCountry "ITA"]
[BlackTeamCountry "GER"]

1. e4 e5 2. Nf3 Nc6 3. Bc4 Nf6 4. d3 Be7 5. O-O O-O 6. Re1 d6 7. a4 h6 8. a5 a6
9. c3 Nh7 10. Be3 Ng5 11. Nbd2 Bg4 12. h3 Bh5 13. Kh2 Bf6 14. g4 Bg6 15. Nh4
Ne7 16. Nf5 c6 17. h4 Ne6 18. Qf3 d5 19. Bb6 Qd7 20. Nxe7+ Bxe7 21. exd5 Nf4
22. dxc6 bxc6 23. Rxe5 Nxd3 24. Bxd3 Bxd3 25. Rxe7 Qxe7 26. Qxd3 Rad8 27. Bxd8
Rxd8 28. Qf3 Rxd2 29. Kg1 Qxh4 30. Re1 Rd5 31. b4 Rg5 32. Re4 Rg6 33. Kf1 Qd8
34. Rd4 Qe7 35. Re4 Qd8 36. Rf4 Qe7 37. Rf5 Qe6 38. Rc5 Qd7 39. Rf5 Qe6 40. Rf4
Qd7 41. Qe2 c5 42. bxc5 Qc6 43. Qe4 Qxc5 44. Qe8+ Kh7 45. Qxf7 Qxa5 46. Qc4 Qe5
47. Rf8 Qb5 48. Qxb5 axb5 49. Rf4 Rc6 50. Rf5 1/2-1/2

[Event "Mitropa Cup 29th"]
[Site "Chur"]
[Date "2010.06.01"]
[Round "4"]
[White "Gallagher, Joseph G"]
[Black "Borisek, Jure"]
[Result "1-0"]
[WhiteElo "2493"]
[BlackElo "2561"]
[PlyCount "87"]
[EventDate "2010.05.29"]
[EventType "team-tourn"]
[EventRounds "9"]
[EventCountry "SUI"]
[Source "ChessBase"]
[SourceDate "2010.07.02"]
[WhiteTeam "Switzerland"]
[BlackTeam "Slovenia"]
[WhiteTeamCountry "SUI"]
[BlackTeamCountry "SLO"]

1. e4 e5 2. Nf3 Nc6 3. Bb5 a6 4. Ba4 Nf6 5. O-O Be7 6. Re1 b5 7. Bb3 d6 8. c3
O-O 9. h3 Nb8 10. d4 Nbd7 11. Nbd2 Bb7 12. Bc2 Re8 13. Nf1 Bf8 14. Ng3 g6 15.
b3 c6 16. Bg5 Bg7 17. Qd2 Nf8 18. a4 Qc7 19. Kh1 Ne6 20. Be3 Nd7 21. Ra2 Rad8
22. Bh6 Nf6 23. b4 Bh8 24. Qc1 Nd7 25. Bb3 d5 26. axb5 axb5 27. Rd2 Qd6 28.
exd5 cxd5 29. dxe5 Nxe5 30. Nxe5 Bxe5 31. Rde2 Bxg3 32. fxg3 Qxg3 33. Re3 Qf2
34. Rf3 Qh4 35. Kh2 Rc8 36. Qd2 d4 37. Rxf7 Kxf7 38. Bg5 Qxe1 39. Qxe1 dxc3 40.
Qe5 Rc4 41. Qxb5 Rc7 42. Qe5 Rc6 43. Qf6+ Kg8 44. Bh6 1-0

[Event "Mitropa Cup 29th"]
[Site "Chur"]
[Date "2010.06.01"]
[Round "4"]
[White "Lenic, Luka"]
[Black "Jenni, Florian"]
[Result "1/2-1/2"]
[WhiteElo "2592"]
[BlackElo "2520"]
[PlyCount "149"]
[EventDate "2010.05.29"]
[EventType "team-tourn"]
[EventRounds "9"]
[EventCountry "SUI"]
[Source "ChessBase"]
[SourceDate "2010.07.02"]
[WhiteTeam "Slovenia"]
[BlackTeam "Switzerland"]
[WhiteTeamCountry "SLO"]
[BlackTeamCountry "SUI"]

1. d4 Nf6 2. c4 e6 3. Nf3 b6 4. a3 Ba6 5. Qc2 Bb7 6. Nc3 c5 7. e4 cxd4 8. Nxd4
d6 9. Be2 Be7 10. O-O O-O 11. Rd1 Nbd7 12. Be3 a6 13. f3 Rc8 14. Qd2 Qc7 15.
Rac1 Qb8 16. Kh1 Rfd8 17. b4 Bf8 18. Nb3 Ba8 19. Bf1 Ne5 20. Na4 Nfd7 21. Bg5
Re8 22. Bf4 Bc6 23. Nb2 Red8 24. Bg5 Re8 25. Nd4 Bb7 26. Na4 Qa8 27. Bf4 Ng6
28. Bg3 Red8 29. Nb3 Bc6 30. Nc3 Nde5 31. Bf2 Qb8 32. Qe3 Nd7 33. Bg3 Nde5 34.
Bf2 Nd7 35. Bg3 Nde5 36. f4 Ng4 37. Qe2 Nf6 38. Nd4 Bb7 39. f5 exf5 40. Nxf5
Qa8 41. Nxd6 Bxd6 42. Rxd6 Rxd6 43. Bxd6 Nxe4 44. Nxe4 Bxe4 45. c5 b5 46. Kg1
Re8 47. Rd1 h6 48. Qf2 Rd8 49. Be2 Qb7 50. Re1 Kh7 51. Bd1 Qd5 52. Bc2 Bxc2 53.
Qxc2 Kg8 54. Bg3 Qc6 55. Rd1 Rxd1+ 56. Qxd1 Qe4 57. h3 f5 58. Qd6 f4 59. Bf2
Ne5 60. Qd4 Qxd4 61. Bxd4 Nc6 62. Bc3 Kf7 63. Kf2 g5 64. Kf3 Ne7 65. Ke4 Ke6
66. Bd4 Nf5 67. Bf2 Ne7 68. Bg1 Nf5 69. Bf2 Ne7 70. h4 Nc6 71. Be1 Ne7 72. Bf2
Nc6 73. Be1 Ne7 74. Bc3 Nf5 75. hxg5 1/2-1/2

[Event "Mitropa Cup 29th"]
[Site "Chur"]
[Date "2010.06.01"]
[Round "4"]
[White "Wyss, Jonas"]
[Black "Tomazini, Aljosa"]
[Result "1/2-1/2"]
[WhiteElo "2253"]
[BlackElo "2231"]
[PlyCount "83"]
[EventDate "2010.05.29"]
[EventType "team-tourn"]
[EventRounds "9"]
[EventCountry "SUI"]
[Source "ChessBase"]
[SourceDate "2010.07.02"]
[WhiteTeam "Switzerland"]
[BlackTeam "Slovenia"]
[WhiteTeamCountry "SUI"]
[BlackTeamCountry "SLO"]

1. e4 Nf6 2. e5 Nd5 3. d4 d6 4. Nf3 dxe5 5. Nxe5 c6 6. Be2 Bf5 7. O-O Nd7 8.
Nf3 e6 9. c4 N5f6 10. Nc3 Bd6 11. Nh4 O-O 12. Nxf5 exf5 13. Qd3 g6 14. Bg5 Re8
15. Rad1 Qc7 16. Qh3 Ne4 17. Nxe4 Rxe4 18. Bd3 Ree8 19. Qh4 c5 20. d5 Be5 21.
b3 a5 22. a4 Qd6 23. Bc2 Bd4 24. Qg3 Qxg3 25. hxg3 Kg7 26. Rfe1 Nf6 27. Be3
Bxe3 28. Rxe3 Rxe3 29. fxe3 Re8 30. Re1 Ne4 31. Bxe4 Rxe4 32. Kf2 Kf6 33. Kf3
h5 34. Rh1 Ke5 35. Rh4 Rg4 36. Rxg4 hxg4+ 37. Ke2 f6 38. Kd3 g5 39. Ke2 Kd6 40.
Kd2 Ke5 41. Kd3 Kd6 42. Ke2 1/2-1/2

[Event "Mitropa Cup 29th"]
[Site "Chur"]
[Date "2010.06.02"]
[Round "5"]
[White "Jenni, Florian"]
[Black "Ragger, Markus"]
[Result "1/2-1/2"]
[WhiteElo "2520"]
[BlackElo "2614"]
[PlyCount "78"]
[EventDate "2010.05.29"]
[EventType "team-tourn"]
[EventRounds "9"]
[EventCountry "SUI"]
[Source "ChessBase"]
[SourceDate "2010.07.02"]
[WhiteTeam "Switzerland"]
[BlackTeam "Austria"]
[WhiteTeamCountry "SUI"]
[BlackTeamCountry "AUT"]

1. e4 e5 2. Nf3 Nc6 3. Bb5 a6 4. Bxc6 dxc6 5. O-O f6 6. d4 exd4 7. Nxd4 c5 8.
Ne2 Qxd1 9. Rxd1 Bd7 10. Nbc3 O-O-O 11. Be3 Re8 12. Rd2 Bc6 13. Rad1 b6 14. f3
Ne7 15. Nf4 Ng6 16. Nxg6 hxg6 17. Bf4 Be7 18. Nd5 Bd8 19. Bg3 f5 20. Nf4 fxe4
21. Nxg6 Rhg8 22. Ne5 Ba8 23. Rd7 exf3 24. gxf3 g5 25. Nf7 Bxf3 26. Rxd8+ Rxd8
27. Rxd8+ Rxd8 28. Nxd8 Kxd8 29. Kf2 Be4 30. c3 Kd7 31. Ke3 Bf5 32. Kd2 c6 33.
a3 Ke6 34. Bc7 b5 35. Bd8 g4 36. Kc1 Kd5 37. Be7 Kc4 38. Bd6 a5 39. Bc7 a4
1/2-1/2

[Event "Mitropa Cup 29th"]
[Site "Chur"]
[Date "2010.06.02"]
[Round "5"]
[White "Neubauer, Martin"]
[Black "Gallagher, Joseph G"]
[Result "1/2-1/2"]
[WhiteElo "2458"]
[BlackElo "2493"]
[PlyCount "39"]
[EventDate "2010.05.29"]
[EventType "team-tourn"]
[EventRounds "9"]
[EventCountry "SUI"]
[Source "ChessBase"]
[SourceDate "2010.07.02"]
[WhiteTeam "Austria"]
[BlackTeam "Switzerland"]
[WhiteTeamCountry "AUT"]
[BlackTeamCountry "SUI"]

1. d4 f5 2. c4 Nf6 3. Nc3 g6 4. h4 Nc6 5. h5 Bg7 6. h6 Bf8 7. Bg5 d6 8. Nf3 Qd7
9. Rh4 Nd8 10. e4 Nxe4 11. Nxe4 fxe4 12. Rxe4 Nf7 13. Bd3 Nxg5 14. Nxg5 Bxh6
15. Ne6 Qc6 16. Qg4 Bxe6 17. Rxe6 Qd7 18. Kf1 O-O-O 19. Rae1 Bg7 20. Be2
1/2-1/2

[Event "Mitropa Cup 29th"]
[Site "Chur"]
[Date "2010.06.02"]
[Round "5"]
[White "Platzgummer, Fabian"]
[Black "Wyss, Jonas"]
[Result "1-0"]
[WhiteElo "2340"]
[BlackElo "2253"]
[PlyCount "103"]
[EventDate "2010.05.29"]
[EventType "team-tourn"]
[EventRounds "9"]
[EventCountry "SUI"]
[Source "ChessBase"]
[SourceDate "2010.07.02"]
[WhiteTeam "Austria"]
[BlackTeam "Switzerland"]
[WhiteTeamCountry "AUT"]
[BlackTeamCountry "SUI"]

1. Nf3 Nf6 2. c4 g6 3. Nc3 Bg7 4. g3 O-O 5. Bg2 d6 6. d4 Nc6 7. O-O a6 8. d5
Na5 9. b3 Rb8 10. Nd4 Bd7 11. Qd3 c5 12. dxc6 bxc6 13. Bb2 c5 14. Nc2 Nc6 15.
Ne3 Qc8 16. Rfe1 Bh3 17. Bh1 Ne5 18. Qd2 Nfg4 19. Ned5 Re8 20. Nf4 Nh6 21. Nxh3
Qxh3 22. Bg2 Qh5 23. Rab1 Nhg4 24. h3 Nf6 25. f4 Ned7 26. e3 Nb6 27. Qf2 Qf5
28. e4 Qc8 29. Kh2 Nfd7 30. Nd5 Bxb2 31. Rxb2 Nxd5 32. cxd5 f6 33. h4 Qb7 34.
Bh3 Nf8 35. Rd2 Red8 36. Qf3 Qb4 37. Ree2 a5 38. e5 a4 39. Rd3 axb3 40. axb3
Re8 41. Rde3 Qb5 42. exf6 exf6 43. f5 Rxe3 44. Rxe3 Kf7 45. Qf4 Qb4 46. fxg6+
Nxg6 47. Qh6 Ne5 48. Qxh7+ Kf8 49. Qh8+ Kf7 50. Be6+ Ke7 51. Qg7+ Ke8 52. Rxe5
1-0

[Event "Mitropa Cup 29th"]
[Site "Chur"]
[Date "2010.06.02"]
[Round "5"]
[White "Doric, Darko"]
[Black "Pap, Gyula"]
[Result "0-1"]
[WhiteElo "2452"]
[BlackElo "2496"]
[PlyCount "48"]
[EventDate "2010.05.29"]
[EventType "team-tourn"]
[EventRounds "9"]
[EventCountry "SUI"]
[Source "ChessBase"]
[SourceDate "2010.07.02"]
[WhiteTeam "Croatia"]
[BlackTeam "Hungary"]
[WhiteTeamCountry "CRO"]
[BlackTeamCountry "HUN"]

1. d4 Nf6 2. c4 e6 3. Nc3 Bb4 4. Qc2 O-O 5. a3 Bxc3+ 6. Qxc3 d5 7. Bg5 dxc4 8.
Qxc4 b6 9. Nf3 Ba6 10. Qa4 c5 11. g3 Qd7 12. Qxd7 Nbxd7 13. Bxf6 Nxf6 14. dxc5
bxc5 15. e3 Bb7 16. Be2 Rab8 17. O-O-O Ng4 18. Rdf1 c4 19. h3 Nf6 20. Rh2 c3
21. b4 a5 22. Ne5 axb4 23. axb4 Ra8 24. f3 Nd5 0-1

[Event "Mitropa Cup 29th"]
[Site "Chur"]
[Date "2010.06.02"]
[Round "5"]
[White "Martinovic, Sasa"]
[Black "Papp, Gabor"]
[Result "1/2-1/2"]
[WhiteElo "2515"]
[BlackElo "2534"]
[PlyCount "45"]
[EventDate "2010.05.29"]
[EventType "team-tourn"]
[EventRounds "9"]
[EventCountry "SUI"]
[Source "ChessBase"]
[SourceDate "2010.07.02"]
[WhiteTeam "Croatia"]
[BlackTeam "Hungary"]
[WhiteTeamCountry "CRO"]
[BlackTeamCountry "HUN"]

1. d4 Nf6 2. c4 e6 3. Nc3 Bb4 4. e3 O-O 5. Nge2 d5 6. a3 Be7 7. cxd5 Nxd5 8.
Bd2 Nd7 9. g3 b6 10. Nxd5 exd5 11. Bg2 Nf6 12. O-O Bf5 13. Bb4 a5 14. Bxe7 Qxe7
15. Rc1 h6 16. Nc3 Qd7 17. Re1 Rfe8 18. Qb3 Rad8 19. Qb5 Qd6 20. Qb3 Qd7 21.
Qb5 Qd6 22. Qe2 Qd7 23. Qb5 1/2-1/2

[Event "Mitropa Cup 29th"]
[Site "Chur"]
[Date "2010.06.02"]
[Round "5"]
[White "Rapport, Richard"]
[Black "Jovanovic, Zoran2"]
[Result "1/2-1/2"]
[WhiteElo "2509"]
[BlackElo "2520"]
[PlyCount "129"]
[EventDate "2010.05.29"]
[EventType "team-tourn"]
[EventRounds "9"]
[EventCountry "SUI"]
[Source "ChessBase"]
[SourceDate "2010.07.02"]
[WhiteTeam "Hungary"]
[BlackTeam "Croatia"]
[WhiteTeamCountry "HUN"]
[BlackTeamCountry "CRO"]

1. d4 Nf6 2. c4 d6 3. Nf3 g6 4. Nc3 Bg7 5. e4 O-O 6. Be2 e5 7. O-O Qe8 8. dxe5
dxe5 9. b4 Bg4 10. b5 Bxf3 11. Bxf3 Qe6 12. Nd5 Rc8 13. Nxf6+ Qxf6 14. Be3 Rd8
15. Qc1 Qe7 16. c5 c6 17. a4 Nd7 18. bxc6 bxc6 19. Qc4 h5 20. Rab1 Nf8 21. Qa6
Ne6 22. Rb7 Rd7 23. Rfb1 Rc7 24. Be2 Bf8 25. Rxc7 Qxc7 26. Rb7 Qc8 27. Bc4 Rb8
28. Rxb8 Qxb8 29. h3 Nd8 30. Kh2 Qb7 31. Qa5 Qd7 32. g3 Qe7 33. h4 Kh7 34. Bg5
f6 35. Be3 Bh6 36. Bxh6 Kxh6 37. Kg2 Kg7 38. Bb3 Kf8 39. Qb4 Kg7 40. Qb8 Qd7
41. a5 Kh7 42. a6 Kg7 43. Ba2 Kh7 44. Bc4 Kg7 45. Kf3 Qd1+ 46. Kg2 Qd7 47. Kh2
Qe7 48. Qc8 Kf8 49. Be6 Ke8 50. Bh3 Qf7 51. Kg1 Qe7 52. Kg2 Qf7 53. Kg1 Qe7 54.
Kf1 Qf7 55. Ke1 Qe7 56. Kf1 Qf7 57. Kg2 Qe7 58. Kh1 Qf7 59. g4 Qe6 60. gxh5
Qxc8 61. Bxc8 gxh5 62. Kg2 Ke7 63. Kg3 Ne6 64. Bxe6 Kxe6 65. f3 1/2-1/2

[Event "Mitropa Cup 29th"]
[Site "Chur"]
[Date "2010.06.02"]
[Round "5"]
[White "Szabo, Krisztian"]
[Black "Saric, Ante"]
[Result "1/2-1/2"]
[WhiteElo "2506"]
[BlackElo "2489"]
[PlyCount "121"]
[EventDate "2010.05.29"]
[EventType "team-tourn"]
[EventRounds "9"]
[EventCountry "SUI"]
[Source "ChessBase"]
[SourceDate "2010.07.02"]
[WhiteTeam "Hungary"]
[BlackTeam "Croatia"]
[WhiteTeamCountry "HUN"]
[BlackTeamCountry "CRO"]

1. e4 e5 2. Nf3 Nf6 3. Nxe5 d6 4. Nf3 Nxe4 5. d4 d5 6. Bd3 Be7 7. O-O O-O 8. c4
Nf6 9. Nc3 Nc6 10. h3 Nb4 11. Be2 dxc4 12. Bxc4 c6 13. Re1 Nbd5 14. Qb3 Nb6 15.
Bd3 Be6 16. Qc2 h6 17. a3 Re8 18. Bf4 Bf8 19. Bh2 a5 20. Qd2 Nc4 21. Qc2 Nb6
22. Bg3 Bc4 23. Rxe8 Qxe8 24. Bxc4 Nxc4 25. Bh4 Nd5 26. Nxd5 cxd5 27. a4 Rc8
28. b3 Ne5 29. Qf5 Nxf3+ 30. Qxf3 Qe4 31. Qxe4 dxe4 32. d5 Bd6 33. Bg3 Bxg3 34.
fxg3 Rc3 35. Rb1 Rxg3 36. b4 Rd3 37. bxa5 Rxd5 38. Rb4 e3 39. Kf1 Rxa5 40. Ke2
Rg5 41. g4 h5 42. Kxe3 hxg4 43. hxg4 Re5+ 44. Kf4 Re7 45. a5 Rc7 46. Rb6 Kh7
47. a6 bxa6 48. Rxa6 Rc4+ 49. Kf3 Rc5 50. Kg3 f6 51. Ra3 Kh6 52. Rb3 Kg5 53.
Ra3 Rb5 54. Rc3 Ra5 55. Rb3 g6 56. Rc3 Ra4 57. Rc5+ f5 58. gxf5 Ra3+ 59. Kf2
gxf5 60. Rc4 f4 61. Rc8 1/2-1/2

[Event "Mitropa Cup 29th"]
[Site "Chur"]
[Date "2010.06.02"]
[Round "5"]
[White "Fargere, Francois"]
[Black "Simacek, Pavel"]
[Result "1/2-1/2"]
[WhiteElo "2489"]
[BlackElo "2518"]
[PlyCount "27"]
[EventDate "2010.05.29"]
[EventType "team-tourn"]
[EventRounds "9"]
[EventCountry "SUI"]
[Source "ChessBase"]
[SourceDate "2010.07.02"]
[WhiteTeam "France"]
[BlackTeam "Czech Republic"]
[WhiteTeamCountry "FRA"]
[BlackTeamCountry "CZE"]

1. e4 e5 2. Nf3 Nc6 3. Bb5 f5 4. Nc3 fxe4 5. Nxe4 Nf6 6. Nxf6+ Qxf6 7. Qe2 Be7
8. Bxc6 bxc6 9. Nxe5 O-O 10. O-O Qe6 11. Re1 Bc5 12. Nf3 Qxe2 13. Rxe2 d6 14.
d4 1/2-1/2

[Event "Mitropa Cup 29th"]
[Site "Chur"]
[Date "2010.06.02"]
[Round "5"]
[White "Roser, Kevin"]
[Black "Krejci, Jan1"]
[Result "1/2-1/2"]
[WhiteElo "2429"]
[BlackElo "2455"]
[PlyCount "111"]
[EventDate "2010.05.29"]
[EventType "team-tourn"]
[EventRounds "9"]
[EventCountry "SUI"]
[Source "ChessBase"]
[SourceDate "2010.07.02"]
[WhiteTeam "France"]
[BlackTeam "Czech Republic"]
[WhiteTeamCountry "FRA"]
[BlackTeamCountry "CZE"]

1. e4 e5 2. Nf3 Nc6 3. Bb5 a6 4. Ba4 Nf6 5. O-O Be7 6. Re1 b5 7. Bb3 d6 8. c3
O-O 9. h3 Na5 10. Bc2 c5 11. d4 cxd4 12. cxd4 Qc7 13. Nbd2 Nc6 14. Nb3 a5 15.
Be3 a4 16. Nbd2 Bd7 17. Rc1 Qb7 18. Qe2 Rfe8 19. Bd3 Rab8 20. dxe5 Nxe5 21.
Nxe5 dxe5 22. Bc5 Bc6 23. Nf3 Bxc5 24. Rxc5 Nd7 25. Rc3 b4 26. Rc4 Nf6 27. a3
bxa3 28. bxa3 Qa8 29. Qc2 Rbc8 30. Rc1 Bb7 31. Nxe5 Ba6 32. Rc7 Rxc7 33. Qxc7
Rxe5 34. Bxa6 Qxe4 35. Bd3 Qf4 36. Qb8+ Ne8 37. Rc8 Re1+ 38. Bf1 Qxb8 39. Rxb8
Kf8 40. Ra8 Ra1 41. Rxa4 Nd6 42. g3 Ke7 43. Kg2 g6 44. Ra7+ Kf6 45. a4 Ra2 46.
a5 Ke5 47. a6 f5 48. Re7+ Kf6 49. Rxh7 Ne4 50. a7 Rxf2+ 51. Kg1 Ra2 52. Bb5
Ra1+ 53. Kg2 Ra2+ 54. Kg1 Ra1+ 55. Kg2 Ra2+ 56. Kg1 1/2-1/2

[Event "Mitropa Cup 29th"]
[Site "Chur"]
[Date "2010.06.02"]
[Round "5"]
[White "Talla, Vladimir"]
[Black "Tripoteau, Nicolas"]
[Result "1-0"]
[WhiteElo "2505"]
[BlackElo "2425"]
[PlyCount "91"]
[EventDate "2010.05.29"]
[EventType "team-tourn"]
[EventRounds "9"]
[EventCountry "SUI"]
[Source "ChessBase"]
[SourceDate "2010.07.02"]
[WhiteTeam "Czech Republic"]
[BlackTeam "France"]
[WhiteTeamCountry "CZE"]
[BlackTeamCountry "FRA"]

1. e4 d5 2. exd5 Qxd5 3. Nc3 Qa5 4. d4 Nf6 5. Nf3 c6 6. Bc4 Bf5 7. Bd2 e6 8.
Nd5 Qd8 9. Nxf6+ gxf6 10. Bb3 Nd7 11. Nh4 Bg6 12. Qf3 f5 13. Qh3 Bg7 14. Nf3
Nf6 15. Bh6 Bxh6 16. Qxh6 Bh5 17. Ne5 Qe7 18. f3 Rg8 19. g3 O-O-O 20. O-O-O Kb8
21. Rd2 Ka8 22. Rhd1 Rc8 23. Kb1 Rcd8 24. a3 Rc8 25. Ka1 Rcd8 26. c4 Ne4 27.
fxe4 Bxd1 28. Rxd1 f6 29. Nxc6 bxc6 30. exf5 e5 31. d5 Rg4 32. Qe3 c5 33. Ba4
Kb8 34. Bc6 Kc8 35. Qb3 Qc7 36. Qa4 Rd4 37. Re1 Rd6 38. Re3 Rxc6 39. dxc6 Rd6
40. Qa6+ Kd8 41. Rb3 Rxc6 42. Rb8+ Kd7 43. Qb5 Kd6 44. Qb3 e4 45. Rb7 Qc8 46.
Qd1+ 1-0

[Event "Mitropa Cup 29th"]
[Site "Chur"]
[Date "2010.06.02"]
[Round "5"]
[White "Zilka, Stepan"]
[Black "Monroy, Charles"]
[Result "1-0"]
[WhiteElo "2509"]
[BlackElo "2459"]
[PlyCount "79"]
[EventDate "2010.05.29"]
[EventType "team-tourn"]
[EventRounds "9"]
[EventCountry "SUI"]
[Source "ChessBase"]
[SourceDate "2010.07.02"]
[WhiteTeam "Czech Republic"]
[BlackTeam "France"]
[WhiteTeamCountry "CZE"]
[BlackTeamCountry "FRA"]

1. d4 d6 2. Nf3 Nf6 3. c4 g6 4. Nc3 Bg7 5. e4 O-O 6. Be2 e5 7. O-O Nc6 8. d5
Ne7 9. Ne1 Nd7 10. Be3 f5 11. f3 f4 12. Bf2 g5 13. Nd3 Nf6 14. c5 Rf7 15. Rc1
Ne8 16. a4 Kh8 17. Nb5 a6 18. Na3 Ng8 19. Nc4 h5 20. cxd6 cxd6 21. Qb3 Nh6 22.
Nb6 Rb8 23. Nxc8 Rxc8 24. Bb6 Qd7 25. Rxc8 Qxc8 26. Rc1 Qd7 27. Nf2 Bf6 28. a5
Bd8 29. Qc4 Bc7 30. Bd1 Bxb6 31. axb6 Nf6 32. Ba4 Qe7 33. Qc8+ Rf8 34. Qc7 Rf7
35. Qxe7 Rxe7 36. Rc7 Nhg8 37. Bc6 a5 38. Bxb7 Nd7 39. Rxd7 Rxd7 40. Bc8 1-0